000 00781nam a2200253Ia 4500
003 OSt
005 20220918214628.0
006 a|||||r|||| 00| 0
007 ta
008 220917b |||||||| |||| 00| 0 eng d
024 _a138,398
037 _cTextual
040 _aARTS
_cARTS
_beng
041 _2eng
_aeng
082 _aY:5.41.N74<-N53r, L4
110 _aUs. Commerce (Department of-)
_9132033
245 0 _aPopulation estimates for the provinces of the peoples republic of China
_b 1953 to 1974
260 _c1974
490 _aInternational population reports series ed by John S Arid; 73
650 _aSOCIOLOGY
700 _aUs. Commerce (Department of-)
_9132034
942 _hY:5.41.N74<-N53r, L4
_cTEXL
_2CC
999 _c261449
_d261449